[Event "Barcelona Casino 18th"]
[Site "Barcelona"]
[Date "2013.10.26"]
[Round "2"]
[White "Lopez Martinez, Josep Manuel"]
[Black "Hansen, Eric"]
[Result "1-0"]
[WhiteElo "2555"]
[BlackElo "2567"]
[Annotator "Ramirez Alvarez,A"]
[PlyCount "69"]
[EventDate "2013.10.25"]
[EventType "tourn"]
[EventRounds "9"]
[EventCountry "ESP"]
[EventCategory "14"]
[SourceTitle "CBM 157"]
[Source "ChessBase"]
[SourceDate "2013.11.12"]
[SourceVersion "1"]
[SourceVersionDate "2013.11.12"]
[SourceQuality "1"]

1. e4 e5 2. Nf3 Nc6 3. Bb5 a6 4. Ba4 Nf6 5. O-O Be7 6. Re1 b5 7. Bb3 O-O 8. a4
{it is for this reason that many players prefer to play 7...d6 instead of
castling, but then Black loses the possibility of playing the Marshall.} b4 9.
d3 Bc5 $5 {Despite the cost of a tempo, this move makes sense. White's knight
can no longer go to c3, which makes the pin on the h4-d8 diagonal less
threatening as White would never have Nd5 to reinforce Bg5. Hansen is not only
a talented player, but he is a very hard worker and this shows that he has
been studying his Spanish and has new ideas.} (9... d6 {has been played almost
exclusively.}) 10. h3 d6 11. c3 bxc3 12. bxc3 Rb8 13. Ba2 Ne7 {The transfer of
the knight might be too soon.} (13... Be6 {works well with putting the bishop
on c5 as the f-file opening will favor Black.}) 14. d4 exd4 15. cxd4 Bb4 16.
Bd2 a5 $6 {a little slow. There was no reason to reinforce the bishop.} (16...
d5 $1 17. e5 Ne4 18. Bxb4 Rxb4 19. Nbd2 Bf5 {with chances for both sides.
Black is active while White has the better pawn structure.}) 17. Nc3 Bb7 18.
Qc2 Ng6 19. Nb5 c6 20. Nc3 {A clever maneouver, how Black's bishop is locked
behind its own pawn.} Ba6 21. Rad1 Nd7 22. e5 $1 {Perfect timing.} dxe5 23.
dxe5 Nc5 24. Bg5 Qc8 (24... Bd3 {is not a human move; no one wants to pin
themselves like this.}) 25. Re3 $1 {Very powerful! The rook joins the fray by
allowing itself to transfer to the kingside as well as taking control of d3
and defending the knight on c3.} Re8 26. h4 Nf8 27. Nd4 Qc7 $2 {Losing, but it
was hard to suggest something.} 28. Nf5 Nce6 29. Nxg7 $1 {A pretty way of
demolishing Black's defenses.} Nxg7 30. Nd5 $1 {This is the point.} Qa7 31.
Nf6+ Kh8 32. Nxe8 Rxe8 33. Bf6 {Material is about even, but with Black's
king's position it is impossible for him to survive. Black is a few tempi
short to be able to save his majesty.} Kg8 34. Rg3 Ng6 35. h5 {The Spanish is
a tricky opening. It seems equal at point to the eyes of the uninitiated, but
suddenly a couple of precise strikes gives one side a winning edge.} 1-0

[Event "Olympiad-37"]
[Site "Turin"]
[Date "2006.05.22"]
[Round "2"]
[White "Ronchetti, Niccolo"]
[Black "Ivanchuk, Vassily"]
[Result "0-1"]
[WhiteElo "2419"]
[BlackElo "2731"]
[Annotator "Reeh,O"]
[PlyCount "68"]
[EventDate "2006.05.21"]
[EventType "team-swiss"]
[EventRounds "13"]
[EventCountry "ITA"]
[SourceTitle "CBM 113"]
[Source "ChessBase"]
[SourceDate "2006.07.31"]
[SourceVersion "1"]
[SourceVersionDate "2006.07.31"]
[SourceQuality "1"]
[WhiteTeam "Italy II"]
[BlackTeam "Ukraine"]
[WhiteTeamCountry "ITA"]
[BlackTeamCountry "UKR"]

1. e4 e5 2. Nf3 Nc6 3. Bb5 a6 4. Ba4 Nf6 5. O-O Be7 6. Re1 b5 7. Bb3 O-O 8. h3
Bb7 9. d3 d6 10. a3 Nb8 11. Nbd2 Nbd7 12. Nf1 Re8 13. Ne3 h6 14. Nf5 Bf8 15.
Nh2 Nc5 16. Ba2 Bc8 17. Ng4 Be6 18. Qf3 Nxg4 19. hxg4 Bxa2 20. Rxa2 c6 21. Ra1
d5 22. Qg3 f6 23. Be3 Ne6 24. Rad1 Rc8 25. d4 $2 {Prematurely opening the
centre. Eine verfrühte Öffnung des Zentrums.} exd4 26. Nxd4 Nxd4 27. Rxd4 Rxe4
28. Rxe4 dxe4 $15 29. Bf4 Qd5 30. Qe3 g5 31. Bg3 Re8 32. Qe2 {[%tqu "En",
"White threatens to play 32.Rd1, conquering the d-file. How can this be
prevented most effectively?","Black can try to weaken the diagonal c5-g1, on
which the white king is placed.","Make use of the pawn on e4.","e4e3","Very
good, if you noticed that White can't well take on e3.",10,"De","Weiß droht,
mit 32.Td1 die d-Linie zu erobern. Wie lässt sich das am wirksamsten
verhindern?","Schwarz kann versuchen, die Diagonale c5-g1 zu schwächen, auf
der ja der weiße König steht.","Setzen Sie den Bauern e4 ein.","e4e3","Sehr
gut - sofern Sie berechnet haben, dass Weiß schlecht auf e3 schlagen kann.",10]
} e3 $1 33. f3 {The e-pawn has become a very strong passed pawn, cramping
Whites game enormously. Aus dem e-Bauern ist ein bärenstarker Freibauer
geworden, der das weiße Spiel enorm einengt.} (33. fxe3 Rxe3 {, and , und} 34.
Qxe3 {fails to scheitert an} Bc5) 33... Bc5 (33... Rd8 $2 {would allow erlaubt}
34. Bc7 Rd7 35. Bb6 {and the pawn on e3 falls. und der Bauer e3 fällt.}) 34.
Rd1 $4 {White want's to conquer the d-file, but... Weiß will die d-Linie
erobern, aber...} {[%tqu "En","34.Rd1 was exactly the continuation Black had
prevented with his last move. Why?","Black's passed pawn on e3 is not as
safely blocked as it seems. The bishop on c5 targets the king on g1.","Black
can lure the white queen away from the blockade square e2, enabling the passed
pawn on e3 to advance with check.","d5d1","Forcing a decisive discovered check.
",10,"De","34.Td1 war genau die Fortsetzung, die Schwarz mit seinem letzten
Zug verhindert hatte. Warum?","Der schwarze Freibauer auf e3 ist nicht so
sicher blockiert, wie es scheint. Der Läufer auf c5 zielt gegen den Kg1.",
"Schwarz kann die weiße Dame von dem Blockadefeld e2 weglocken, wonach der
Freibauer auf e3 mit Schach vorrücken kann.","d5d1","Erzwingt ein
entscheidendes Abzugsschach.",10]} Qxd1+ $1 {Winning the house. Gewinnt Haus
und Hof.} (34... Qxd1+ 35. Qxd1 e2+) 0-1

[Event "Capablanca Memorial Elite 31st"]
[Site "Cienfuegos"]
[Date "1996.??.??"]
[Round "6"]
[White "Rodriguez Cespedes, Amador"]
[Black "Garcia, Gildardo"]
[Result "1/2-1/2"]
[WhiteElo "2485"]
[BlackElo "2525"]
[Annotator "Rodriguez,Am"]
[PlyCount "93"]
[EventDate "1996.05.??"]
[EventType "tourn"]
[EventRounds "13"]
[EventCountry "CUB"]
[EventCategory "12"]
[SourceTitle "CBM 054"]
[Source "ChessBase"]
[SourceDate "1996.10.01"]
[SourceVersion "1"]
[SourceVersionDate "1996.10.01"]
[SourceQuality "1"]

1. e4 e5 2. Nf3 Nc6 3. Bb5 a6 4. Ba4 Nf6 5. O-O Be7 6. Re1 b5 7. Bb3 O-O 8. h3
Bb7 9. d3 Re8 10. c3 (10. Bg5 $5 {it is a sound alternstive even though very
few GMs play it}) 10... h6 (10... Bf8 11. Bg5 $5 {Topalov-Short, Elenite 1995,
CBM 50}) 11. Nbd2 Bf8 12. Nf1 Na5 13. Bc2 c5 14. Ng3 d5 15. Nh2 $5 c4 $5 16.
Ng4 cxd3 17. Qxd3 Nxg4 (17... Nxe4 18. f3 (18. Nxe4 dxe4 19. Qg3 Kh7 20. Nxe5
$36) 18... Bc5+ 19. Kh2 h5 (19... Nxg3 20. Qh7+ Kf8 21. Qh8+ Ke7 22. Qxg7 $16)
20. Nh6+ gxh6 21. fxe4 dxe4 22. Qe2 $44) 18. hxg4 dxe4 (18... d4 $5) 19. Qe2 $1
$14 {[%cal Gc2h7]} Nc4 20. Nxe4 {[%cal Rg4g5]} Nd6 21. Rd1 {[%cal Re4d6,Ye2d3,
Yd3h7]} Qb6 {The critical moment, Black would be clearly worse after 21...Bxe4
so he decides to allow the apparently devastating exchange on d6 followed by
Qd3. Here I thought for nearly 40 minutes.} 22. Be3 {A safe move not entering
the complications.} (22. Nxd6 Bxd6 23. Qd3 Qc6 24. Qh7+ Kf8 25. f3 {Black now
has many alternatives, of all of them 25...e4 seems the best to avoid a rapid
disaster.} e4 $1 (25... Bc5+ 26. Kh2 (26. Kf1 Ba7 $1 (26... Bb6 27. b3 b4 (
27... Qc5 $2 28. Ba3 $3 Qxa3 29. Rd7 $18) 28. cxb4) 27. Qh8+ (27. b3 b4 28.
cxb4 Qb6) 27... Ke7 28. Qxg7 Qc5 29. Bg5+ hxg5 30. Qxg5+ Kf8 31. Qh6+ $10) (26.
Kh1 Rad8 (26... Re6 27. Qh8+ Ke7 28. Qxg7) (26... e4 27. Bxe4 Qc7 (27... Qf6
28. g5 Qe5 29. Rd7) 28. Bxh6 gxh6 29. Qxh6+ Ke7 30. Qh4+ Kf8 31. Bxb7 Qxb7 32.
Qh8+ Ke7 33. Qe5+ $18) (26... Ke7 27. Qxg7) 27. Rxd8 Rxd8 28. Qh8+ Ke7 29. Qxg7
) 26... e4 27. Qh8+ (27. Bxe4 Qf6 28. g5 Qe5+ 29. g3 Bxe4 30. fxe4 Qxe4 31.
Qxe4 Rxe4 32. gxh6 Re2+ 33. Kh3 Kg8 34. Rd5 Bf8 $44) 27... Ke7 28. Qxg7 Bd6+ (
28... Qc7+ 29. g3 Rg8 30. Qxh6 $1 Rh8 31. Bg5+ $18) (28... exf3 29. Re1+ Kd8
30. Bf4 $40) 29. g3 (29. Kh3 $5) 29... Qc5 $13) (25... Ke7 26. Qxg7 Rh8 (26...
Rg8 27. Qxh6 Rxg4 (27... Rh8 28. Bg5+ Kd7 29. Be4) 28. Qxd6+ Qxd6 29. Rxd6 Bxf3
30. Rd2 Rag8 31. Kf2) 27. Bb3) 26. Bxe4 (26. Qh8+ Ke7 27. Qxg7 exf3 28. Re1+
Kd8 29. Qf6+ Re7 {[%csl Rf6][%cal Rd6c5]} 30. Qh8+ (30. Rd1 Qb6+ 31. Rd4 Bd5 $1
$13 {[%csl Rf6][%cal Rd6h2]}) 30... Kc7 31. Rxe7+ Bxe7 32. Bf4+ Kb6 33. Be3+
Bc5 $17) 26... Qc5+ 27. Kh1 (27. Kf1 Bxe4 28. fxe4 Rad8 $1 {[%cal Rc5c4]}) (27.
Rd4 Bxe4 28. fxe4 Rad8 $5 (28... Be5 29. Be3) 29. Be3 Qe5 $36) 27... Bxe4 28.
fxe4 Qf2 29. Rxd6 Qh4+ 30. Kg1 Qe1+ $10) 22... Qc6 23. f3 Nxe4 24. Bxe4 Qc7 25.
Bxb7 Qxb7 26. Rd2 Rad8 27. Rad1 Rxd2 28. Qxd2 Qc8 (28... e4 29. f4 Qc8 30. Qd7)
29. Kf2 e4 30. Qd7 Qb8 31. f4 $16 Be7 32. Qa7 Qc8 33. Rd7 Bh4+ $1 34. g3 Rd8
35. Rxd8+ Bxd8 36. Qd4 Bf6 $5 (36... Qa8 37. Qd7 $16) 37. Qxe4 Qxg4 38. Qa8+ (
38. Qe8+ Kh7 39. Qxf7 h5 40. Bd4 $14) 38... Kh7 39. Qxa6 h5 40. Qxb5 (40. Qc6
$1 h4 41. Qf3 Qe6 42. Qh5+ Kg8 43. gxh4 Qxa2 44. Qxb5 Bxc3 45. Bc1 $16) 40...
h4 41. Qd3+ Kg8 42. Bd4 (42. Bd2 Qh3 $3 43. Kg1 hxg3 44. Qe2 Bd8 45. Qg2 Bb6+
46. Kf1 Qg4 47. Qa8+ Kh7 48. Qe4+ g6 $44) 42... hxg3+ 43. Kg2 Bxd4 44. cxd4 (
44. Qxd4 Qh4 45. Kf3 Qh2 (45... f5 $5 46. Qd5+ Kh8 47. Qxf5 Qh2) 46. Qd8+ Kh7
47. Qd3+ Kg8 48. Qe2 Qh5+ 49. Ke3 Qh1) 44... Qxf4 45. Qxg3 Qe4+ 46. Qf3 Qxd4
47. b3 1/2-1/2

[Event "Morelia/Linares 25th"]
[Site "Morelia/Linares"]
[Date "2008.02.19"]
[Round "4"]
[White "Ivanchuk, Vassily"]
[Black "Aronian, Levon"]
[Result "0-1"]
[WhiteElo "2751"]
[BlackElo "2739"]
[Annotator "Rogozenco,D"]
[PlyCount "120"]
[EventDate "2008.02.15"]
[EventType "tourn"]
[EventRounds "14"]
[EventCountry "ESP"]
[EventCategory "21"]
[SourceTitle "CBM 123"]
[Source "ChessBase"]
[SourceDate "2008.04.02"]
[SourceVersion "1"]
[SourceVersionDate "2008.04.02"]
[SourceQuality "1"]

1. e4 e5 2. Nf3 Nc6 3. Bb5 a6 4. Ba4 Nf6 5. O-O Be7 6. Re1 b5 7. Bb3 O-O 8. d4
{This move can lead to many forced variations, but from the theoretical point
of view it has never been a serious problem for Black.} Nxd4 9. Nxd4 {Ivanchuk
deviates from a second-round game versus Leko.} (9. Bxf7+ Rxf7 10. Nxe5 Rf8 11.
Qxd4 c5 12. Qd1 Qc7 13. Ng4 Nxg4 14. Qxg4 d5 15. Qh5 dxe4 16. Qd5+ Kh8 17. Qxa8
Bb7 18. Qa7 Ra8 19. Bf4 Qc6 20. Qxa8+ Bxa8 21. Be3 {1-0 Ivanchuk,V-Leko,P/
Morelia/Linares 2008 (42). And in this complex middlegame the Ukrainian
managed to score a full point.}) 9... exd4 10. e5 Ne8 11. Qxd4 Bb7 12. c4 bxc4
13. Qxc4 d5 14. exd6 Nxd6 15. Qg4 Nb5 16. Nc3 Nxc3 17. bxc3 Bd6 18. Bf4 Qf6 19.
Bxd6 cxd6 20. Rad1 Rad8 {The long opening variation has led to a position
considered equal by theory, but Ivanchuk shows that White can still exert some
pressure.} 21. Qb4 $1 $146 (21. Re3 Rfe8 22. Rde1 Rxe3 23. Rxe3 g6 24. h4 h5
25. Qb4 Rd7 26. Rd3 Re7 27. Qd4 Re1+ 28. Kh2 Qe7 29. Re3 {1/2-1/2 Carlsen,M 
(2693)-Leko,P (2738)/Dortmund 2007}) 21... Ba8 (21... Rd7 22. Re3 {is also a
plus for White, since unlike in the aforementioned game Carlsen-Leko, Black
can't exchange a pair of rooks.}) 22. Re3 {This is a great square for the rook.
It protects pawn c3, can be switched to the kingside if needed and at the same
time White is ready to double on either the d- or the e-file.} g6 ({After} 
22... Rfe8 $2 {White has} 23. Qxd6 $1 ({which is even stronger than} 23. Rxd6
Qg5 24. g3 Rxe3 25. Rxd8+ Qxd8 26. fxe3 $16) 23... Qxd6 24. Rxd6 {and Black
loses one more pawn!}) 23. Qb6 $1 {With simple, but precise moves Ivanchuk
wins a pawn.} Qg5 24. Rg3 Qb5 25. Rxd6 Rxd6 (25... Qxb6 26. Rxb6 Rfe8 27. Re3
$1 Rxe3 28. fxe3 Be4 29. Rb4 ({or} 29. Rxa6 Rd2 30. Ra4 $16) 29... Bc6 30. Rd4
$16) 26. Qxd6 a5 27. Qf4 $16 Bd5 28. Rg5 {White is a pawn up and has the
initiative. Black's only hope is to somehow exploit his opponent's back rank
weakness.} f5 $2 ({The only move which would have left chances to survive was} 
28... Qe8 {when after} 29. Qd2 Bxb3 30. axb3 a4 {White can't keep all the
queenside pawns with} 31. b4 {due to} Qe4 32. h3 Ra8 {with good counterplay
for Black.}) 29. Qe5 Rd8 30. h4 ({Both players missed} 30. Qxf5 $1 Bxb3 31.
Qxb5 Rd1+ 32. Qf1 {winning at once}) 30... a4 31. Bc2 Qb8 32. Qxf5 Bxa2 33.
Bxa4 Bf7 34. h5 Qb6 35. hxg6 hxg6 36. Qf4 Rc8 {With two pawns up White is
completely winning, but in severe timetrouble Ivanchuk blunders.} 37. Rg3 $4 {
This move defends against the threat 37...Rxc3, but Black also had the second
threat.} ({Several moves win, for instance 37.Qd2, or} 37. Qb4 {and if} Qxb4
38. cxb4 Rc4 {then simply} 39. Rb5) 37... Rc4 {An unexpected double attack.
However, even after this White can make a draw.} 38. Qh6 $4 {As often happens,
a bad mistake is followed by a bigger one. White should have prevented the
black queen from coming to f6.} ({After the forced} 38. Qe5 Rxa4 39. Rh3 Ra1+ (
39... Kf8 {loses the rook:} 40. Rh8+ Bg8 41. Rxg8+ Kxg8 42. Qe8+ Kg7 43. Qxa4)
40. Kh2 Kf8 41. Rh8+ Bg8 {White makes a draw:} 42. Rxg8+ ({The computer even
prefers} 42. Qf4+ Kg7 43. Rh3 {with attack for White, but nevertheless that
must be a draw as well}) 42... Kxg8 43. Qe8+ Kg7 44. Qe7+ Kh6 45. Qh4+ {
with a perpetual check}) 38... Rxa4 39. Rh3 Ra1+ 40. Kh2 Qd6+ 41. f4 Qf6 {
Black has defended and kept the extra piece, which Aronian converts into a win.
} 42. Qh7+ Kf8 43. Qh6+ Ke7 44. Re3+ Kd7 45. Kg3 Ra4 46. Rd3+ Kc6 47. Rd4 Ra3
48. Rd3 Bd5 49. Qh3 Qf5 50. Qxf5 gxf5 51. Kh3 Ra1 52. Rd2 Rh1+ 53. Kg3 Rh6 54.
Re2 Re6 55. Rd2 Rg6+ 56. Kh3 Kc5 57. Re2 Kc4 58. Rd2 Be4 59. g4 Kxc3 60. gxf5
Bxf5+ 0-1

[Event "EU-Cup 34th"]
[Site "Porto Carras"]
[Date "2018.10.18"]
[Round "7.1"]
[White "Ding, Liren"]
[Black "Efimenko, Zahar"]
[Result "1-0"]
[WhiteElo "2804"]
[BlackElo "2641"]
[Annotator "Sadorra, Julio"]
[PlyCount "79"]
[EventDate "2018.10.12"]
[EventType "team-swiss"]
[EventRounds "7"]
[EventCountry "GRE"]
[SourceTitle "CBM 187"]
[Source "ChessBase"]
[SourceDate "2018.12.11"]
[SourceVersion "1"]
[SourceVersionDate "2018.12.11"]
[SourceQuality "1"]
[WhiteTeam "Alkaloid"]
[BlackTeam "Beer Sheva"]
[WhiteTeamCountry "MKD"]
[BlackTeamCountry "ISR"]

1. e4 e5 2. Nf3 Nc6 3. Bb5 a6 4. Ba4 Nf6 5. O-O Be7 6. Re1 b5 7. Bb3 O-O 8. a4
Bb7 9. d3 d6 {This position can occur in various move-orders and is a typical
one for Anti-Marshall systems.} 10. c3 ({The most popular way to continue here
is to develop the knight on c3,} 10. Nc3 {but practice has shown that Black is
okay after the typical} Na5 11. Ba2 (11. axb5 Nxb3 12. cxb3 axb5 13. Rxa8 Qxa8
14. Nxb5 Rb8 15. Nc3 Bc8 $44 (15... h6 16. h3 c5 $5 $44)) 11... b4 12. Nd5 $6 (
12. Ne2 c5 13. Ng3 Bc8 {with a complex middlegame ahead.} (13... Rb8 $5)) 12...
Nxd5 13. Bxd5 (13. exd5 b3 $1 14. cxb3 Bxd5 $15) 13... Bxd5 14. exd5 c5 $11 (
14... Re8)) 10... Qd7 11. Nbd2 Nd8 $1 {transferring it to a more active square
on e6.} ({The other square to place the knight is on a5 but it there's a risk
of it being misplaced later.} 11... Na5 12. Bc2 c5 13. Nf1 h6 14. Ng3 Rfe8 15.
d4 exd4 (15... Bf8 16. d5 c4 17. Be3 Qc7 18. Nd2 Bc8 19. h3 Bd7 20. Qf3 Be7 21.
Ra2 Reb8 22. axb5 axb5 23. Rea1 Qd8 {White's position is slightly more
pleasant to play but Black's position is holdable. ½-½ (39) Topalov,V (2735)
-Adams,M (2720) Wijk aan Zee 2004}) 16. cxd4 Bf8 17. d5 (17. Bf4 cxd4 18. Nxd4
Nc4 $132) {And here it's best for Black to play the position like a Benoni
starting with:} 17... g6 (17... Nc4 $6 18. b3 Ne5 19. Nxe5 dxe5 20. Nf5 Qc7 21.
Qf3 $16 {1-0 (30) Vetoshko,V (2521)-Morozov,N (2429) Konya TUR 2018}) 18. b3
Bg7 19. Rb1 b4 20. Bb2 $14 {Black has a problematic piece on a5.}) 12. Nf1 Ne6
13. Ng3 c5 14. d4 (14. Nf5 {doesn't achieve anything after} Bd8) 14... exd4 15.
cxd4 d5 {This is a typical breakthrough in Spanish middlegames.} (15... cxd4 $2
{is not the way to do it} 16. Nxd4 d5 17. e5 Ne8 (17... Ne4 18. Nxe6 $18) 18.
Qg4 $40) 16. e5 ({Worth considering is} 16. Nf5 $5 c4 (16... dxe4 17. d5 $1 Nd8
18. N3h4 $13) 17. e5 Ne4 {transposes to the game.}) 16... Ne4 17. Nf5 ({
The only other game in this exact position went:} 17. dxc5 $6 N4xc5 {gave
Black the initiative.} 18. Nf5 (18. Bc2 d4 19. Nf5 d3 $36) 18... Nxb3 19. Nxe7+
(19. Qxb3 d4) 19... Qxe7 20. Qxb3 d4 $1 (20... Qd7 21. Bd2 d4 $15 {1/2-1/2 (43)
Vovsha,E (2402)-Kuzmin,A (2582) Biel 2002}) 21. axb5 (21. Bd2 bxa4 22. Rxa4 Qd7
23. Ra5 (23. Rea1 Nc5) 23... Rab8 $36) 21... axb5 22. Rxa8 Bxa8 23. Qxb5 Bxf3
24. gxf3 Rc8 $15 {Black clearly has more than enough compensation for the pawn.
}) 17... c4 18. Bc2 Bb4 {logically keeping the bishop pair.} ({The engine
suggests} 18... g6 {but it too risky positionally} 19. Nxe7+ (19. Nh6+ Kg7 20.
Be3 $13) 19... Qxe7 20. Be3 b4 (20... f6 21. exf6 Qxf6 22. Ne5 $1) 21. Nd2 Nxd2
22. Qxd2 a5 23. f4 $14) 19. Re3 $5 Rad8 20. Ng3 Bc6 $1 (20... Nxg3 $6 {will
only help White develop his kingside attack:} 21. hxg3 Rfe8 22. Nh4 $40 {
[%csl Gf5][%cal Gd1g4,Gg3g4,Ge3h3]} (22. Nh2 $5 {[%cal Gc2f5,Gg3g4,Ge3h3]}))
21. h4 (21. Nxe4 $2 {gives Black what he want which is an open center.} dxe4
22. Bxe4 Nxd4 $17) (21. axb5 axb5 {and Black will eventually take over the
a-file.} 22. b3 Ra8 $36) 21... bxa4 $6 ({Now that there's a pawn on h4, it's
better to go for exchange on g3 because White won't have the same attacking
ideas like in the previous move.} 21... Nxg3 22. fxg3 bxa4 23. g4 (23. Bxa4 $2
Bxa4 24. Rxa4 a5 $17) 23... Be7 $1 (23... Rb8 24. Ng5) 24. Bd2 Rb8 25. Bc3 Nf4
26. Bf5 Qa7 $1 $15) 22. h5 ({An interesting possibility is} 22. Ng5 $5 N6xg5
23. hxg5 Nxg5 $2 (23... g6 24. f4 $13) 24. Nh5 $40 {[%csl Rg7][%cal Ge3g3,
Gg3g7]}) (22. Nxe4 dxe4 23. Bxe4 Bxe4 24. Rxe4 Nc5 {is very nice for Black.})
22... a5 {Efimenko's refusal to get rid of his knight on e4 is understandable
as it keeps White's bishop locked in but eventually concrete reasons have to
prevail over general concepts and impressions} (22... Nxg3 {is once again good}
23. fxg3 {as White doesn't have anything special after} Rb8 24. h6 g6 25. Nh2
Be7 $1) 23. Ra2 {Ding Liren chooses to keep the tension, giving Black the
choice on how to clarify the central situation.} g6 $2 {This simply helps
White obtain clearer tagrets to attack!} ({It was time to take concrete action
with either:} 23... Nf4 24. h6 (24. Nh4 Nd3 $1 25. Bxd3 cxd3 26. Rxd3 f6 $36)
24... g6 25. Nh2 f5 $1) ({Or} 23... Nxg3 24. fxg3 Nc5 $1 25. dxc5 d4 26. Re4
Bxe4 27. Bxe4 Bxc5 $17) 24. Nh2 Kh8 (24... Qa7 {A flank attack must be met
with counterplay in the center!} 25. Ne2 gxh5 26. Rh3 (26. f3 N4c5 27. f4 f5 $1
) 26... f6 $1 $132) 25. Ne2 $6 Ng7 ({As in the previous note, Black can obtain
strong counterplay with a pawn break:} 25... gxh5 26. Rh3 f6 $1 $132) 26. Rh3
$1 Be7 (26... Nxh5 27. f3 {is very unpleasant to face} Nc5 28. Ng4 $1 $40) 27.
f3 {Here, Efimenko most probably realized the flaw in his original idea and
changed plans, but in any case the position was already practically very
difficult to defend.} Nxh5 ({The logical follow-up to the previous move is} 
27... Ng5 28. Bxg5 Bxg5 29. hxg6 fxg6 30. Bxg6 h6 31. f4 $1 $18 Bxf4 (31...
Rxf4 32. Nxf4 Bxf4 33. Ng4) 32. Nxf4 Rxf4 33. Rxh6+ Kg8 34. Ra3 $18) 28. fxe4
$18 {White now wins a piece for nothing and the rest was smooth clean up
routine for the top Chinese player.} dxe4 29. Bxa4 f6 30. exf6 Bxf6 31. Bxc6
Qxc6 32. Bh6 Rf7 33. Ng4 c3 34. Rxc3 {Taking material while activating a piece,
no better move than that!} Qe6 35. Nxf6 Nxf6 36. Rxa5 {Taking material while
activating a piece again!} Ng4 37. Bf4 Rdf8 38. Qc1 e3 39. Rc7 Qe4 40. Rxf7 {
Overall, this game featured a tense and balanced struggle in a typical Spanish
middlegame structure. With the use of pressure play, both psychologically and
on the board, the Chinese top player caused the experienced and solid
Ukrainian player to crack and weaken his kingside defenses. In turn, Ding
Liren makes the most of his chances on the kingside which caused Efimenko to
make further errors, eventually losing material and the game.} 1-0